| 000 | 00000nas 2200000za 4500 |
| 001 | 9.500677 |
| 003 | CaOODSP |
| 005 | 20221107132910 |
| 007 | cr ||||||||||| |
| 008 | 150406c20129999onc x m o||||f0 |0eng|d |
| 040 | |aCaOODSP|beng |
| 041 | |aeng|afre |
| 043 | |an-cn--- |
| 086 | 1 |aYX4-PDF |
| 110 | 1 |aCanada. |
| 240 | 00|aLaws, etc |
| 245 | 10|aStatutes of Canada ..., chapter ... |h[electronic resource] = |bLois du Canada ..., chapitre ... |
| 260 | |aOttawa : |bParliament of Canada,|c[2012?]- |
| 310 | |aIrregular |
| 500 | |aIndividual chapters issued immediately after bills received royal assent. |
| 518 | |a"Assented to ..., Bill ..." |
| 546 | |aText in English and in French. |
| 690 | 07|aLegislation|2gcpds |
| 710 | 1 |aCanada. |bParliament. |
| 776 | 0#|tLois du Canada ..., chapitre ... |w(CaOODSP)9.512295 |
| 792 | |tStatutes of Canada ..., chapter ...|efre|w(CaOODSP)9.500678 |